[Event "Deltalift Open 2014"]
[Site "Tylosand"]
[Date "2014.05.31"]
[Round "7.49"]
[White "Gajic, Bozur"]
[Black "Pantzar, Milton"]
[Result "0-1"]
[WhiteElo "1692"]
[BlackElo "1777"]
[EventDate "2014.05.29"]

1.b3 Nf6 2.Bb2 g6 3.Bxf6 exf6 4.c4 Bg7 5.Nc3 Nc6 6.e3 O-O 7.Rc1 b6 8.Nf3 
Bb7 9.Be2 Ne7 10.O-O d5 11.d4 Rc8 12.cxd5 Nxd5 13.Nxd5 Qxd5 14.Ne1 Qa5 15.
Bf3 Ba6 16.Nd3 c5 17.d5 f5 18.Be2 Qxa2 19.f4 Rfe8 20.Rf3 Rcd8 21.Rc2 Qxb3 
22.Nxc5 Bxe2 23.Qxe2 bxc5 24.Rxc5 Rxd5 25.Rxd5 Qxd5 26.Qa6 Qc5 27.Kf2 Qb6 
28.Qa4 Rb8 29.Kg3 a5 30.h4 Qb5 31.Qa2 a4 32.Rf2 Qb3 33.Qe2 Re8 34.Rf3 Re4 
35.h5 a3 36.Qa6 a2 37.Qa8+ Bf8 38.hxg6 hxg6 39.Kh4 Qb2 40.Rg3 Qf6+ 0-1

[Event "Deltalift Open 2014"]
[Site "Tylosand"]
[Date "2014.05.31"]
[Round "8.2"]
[White "Hector, Jonny"]
[Black "Bellon, Juan"]
[Result "0-1"]
[WhiteElo "2511"]
[BlackElo "2402"]

1.e4 c5 2.Nf3 e6 3.d4 cxd4 4.Nxd4 Nf6 5.Nc3 Nc6 6.Nxc6 bxc6 7.e5 Nd5 8.Ne4
Qc7 9.f4 Qa5+ 10.c3 Be7 11.Qf3 f5 12.Nd2 O-O 13.Be2 Rb8 14.Nc4 Qc7 15.O-O 
Ba6 16.b3 Nb6 17.Nb2 Bb7 18.c4 c5 19.Qf2 a5 20.a4 Nc8 21.Nd1 d5 22.Nc3 d4 
23.Nb5 Qb6 24.Bb2 Be4 25.Rfd1 Rd8 26.Bd3 Na7 27.Qe2 Ba8 28.Ba3 Nc6 29.h3 
Nb4 30.Bxb4 cxb4 31.Kh2 Kh8 32.Rac1 Rf8 33.Bb1 Bc5 34.Rd2 Rbd8 35.Rcd1 Bc6
36.Qh5 Rd7 37.Bd3 Be7 38.Bc2 g6 39.Qe2 Bc5 40.Bd3 Rg8 41.Rg1 Qd8 42.Qf2 g5
43.g4 gxf4 44.Qxf4 fxg4 45.Rxg4 Rxg4 46.Qxg4 Rg7 47.Qf4 Qg8 48.Be4 Rf7 49.
Qh4 Bxe4 50.Qxe4 d3 51.Nd4 Qg5 52.Qxd3 Qxe5+ 53.Kg2 Qg5+ 54.Kh1 Rd7 55.Qe4
Rxd4 56.Rxd4 Qc1+ 57.Kg2 Qb2+ 58.Kf3 Qxd4 59.Qxe6 Kg7 0-1

[Event "Deltalift Open 2014"]
[Site "Tylosand"]
[Date "2014.05.31"]
[Round "8.3"]
[White "Brynell, Stellan"]
[Black "Frisk Kockum, Anton"]
[Result "1/2-1/2"]
[WhiteElo "2460"]
[BlackElo "2326"]

1.d4 e6 2.c4 Nf6 3.Nf3 Bb4+ 4.Bd2 c5 5.Bxb4 cxb4 6.e3 O-O 7.Be2 a5 8.O-O 
b6 9.a3 Na6 10.Nbd2 Bb7 11.Ne1 Rc8 12.Nd3 d5 13.Bf3 Qe7 14.cxd5 Nxd5 15.a4
f5 16.e4 fxe4 17.Bxe4 Qh4 18.Re1 Nb8 19.Nf3 Qf6 20.Nde5 Rc7 21.Qd2 Nf4 22.
Bxb7 Rxb7 23.Rac1 Nd7 24.Qc2 Nxe5 25.dxe5 Qh6 26.Qe4 Rbf7 27.Rc6 Nxg2 28.
Kxg2 Rxf3 29.Qxf3 Rxf3 30.Kxf3 Qh3+ 31.Ke2 Qxh2 32.Rxe6 Kf7 33.Rxb6 Qxe5+ 
34.Kf1 Qxb2 35.Rb7+ Kg6 36.Rb6+ Kh5 37.Rb5+ g5 38.Kg2 Qc2 39.Rxa5 Qc6+ 40.
Kg1 b3 41.Rb5 Qc4 42.Re3 Qxa4 43.Rexb3 Qd4 44.Rb7 Qd1+ 45.Kh2 Qd6+ 46.Kg2 
Qd5+ 47.Kh2 1/2-1/2

[Event "Deltalift Open 2014"]
[Site "Tylosand"]
[Date "2014.05.31"]
[Round "8.4"]
[White "Nygren, Kim"]
[Black "Sjodahl, Pontus"]
[Result "1-0"]
[WhiteElo "2209"]
[BlackElo "2433"]

1.d4 e6 2.e4 d5 3.Nc3 Bb4 4.e5 c5 5.a3 Bxc3+ 6.bxc3 Ne7 7.h4 Qa5 8.Bd2 
Nbc6 9.a4 Bd7 10.Nf3 f6 11.Rb1 fxe5 12.Rxb7 e4 13.Ng5 h6 14.Nh3 cxd4 15.
cxd4 Qxa4 16.Bb5 Qxd4 17.Bxc6 Nxc6 18.Qh5+ Ke7 19.c3 Qf6 20.O-O Rhb8 21.
Rxb8 Rxb8 22.Be3 Qxc3 23.Rc1 Qf6 24.Bc5+ Kd8 25.Qe2 Ke8 26.Bd6 Rb6 27.Qh5+
Qf7 28.Qg4 e5 29.Qg3 Bxh3 30.Qxh3 Qd7 31.Qa3 Kf7 32.Qc5 Ke6 33.Bf8 Nd4 34.
Qa3 Ne2+ 35.Kf1 Nxc1 36.Qh3+ Kf6 37.Qxd7 1-0

[Event "Deltalift Open 2014"]
[Site "Tylosand"]
[Date "2014.05.31"]
[Round "8.5"]
[White "Cramling, Pia"]
[Black "Johansson, Linus"]
[Result "1/2-1/2"]
[WhiteElo "2507"]
[BlackElo "2338"]

1.Nf3 c5 2.c4 Nc6 3.d4 cxd4 4.Nxd4 g6 5.e4 Bg7 6.Be3 Nf6 7.Nc3 Ng4 8.Qxg4 
Nxd4 9.Qd1 Nc6 10.Rc1 O-O 11.Be2 d6 12.O-O Be6 13.Qd2 Qa5 14.Rfd1 Rfc8 15.
b3 Rab8 16.h3 Ne5 17.f4 Nd7 18.g4 Nc5 19.Bf3 Bd7 20.Nd5 Qxd2 21.Rxd2 Kf8 
22.b4 Ne6 23.Bxa7 Ra8 24.Be3 Ra3 25.Kf2 Bc6 26.g5 Rca8 27.b5 Bxd5 28.cxd5 
Nc5 29.Bxc5 dxc5 30.Rxc5 Bc3 31.Rd1 Ba5 32.Rc2 Bb6+ 33.Kg3 R8a4 34.d6 exd6
35.Rxd6 Ba5 36.e5 Re3 37.Re2 Rxe2 38.Bxe2 Rxa2 39.Bf3 Rb2 40.Rd7 Rxb5 41.
Bxb7 Rc5 42.Be4 Rc7 43.Rd8+ Kg7 44.Rd5 Be1+ 45.Kf3 h6 46.gxh6+ Kxh6 47.Rd6
Bb4 48.Ra6 Kg7 49.Bd5 Bc3 50.Kg4 Rd7 51.Ba2 Bd2 52.h4 Rd4 53.Rf6 Rd7 54.h5
gxh5+ 55.Kxh5 Ra7 56.Bb3 Rb7 57.Bc4 Rc7 58.Bd5 Rd7 59.Bc6 Re7 60.Be4 Bxf4 
61.Rxf4 Rxe5+ 62.Kg4 Ra5 63.Bd3 Ra7 64.Bc4 Kg6 65.Bd3+ Kg7 66.Rd4 Kf6 67.
Kf4 Re7 68.Bc4 Rc7 69.Be2 Ra7 70.Rb4 Rc7 71.Rb6+ Kg7 72.Bd3 Rc3 73.Be4 Rc1
74.Rb7 Rf1+ 75.Ke5 Re1 76.Ra7 Re2 77.Kf4 Rd2 78.Ke3 Rd6 79.Bd3 Re6+ 80.Kf4
Kf6 81.Be4 Re7 82.Ra1 Rc7 83.Ra6+ Kg7 84.Ke5 Re7+ 85.Kd4 Rc7 86.Bd5 Re7 
87.Kc5 Re2 88.Kd6 Rf2 89.Ra1 Kf8 90.Rg1 Rf5 91.Rh1 Rf2 92.Rh8+ Kg7 93.Rh5 
Kf8 94.Kd7 Rf1 95.Rh8+ Kg7 96.Rc8 Rd1 97.Kd6 Rf1 98.Rc7 Kf8 99.Bc4 Rf2 
100.Rc8+ Kg7 101.Rb8 Rf3 102.Ra8 Rf4 103.Rc8 Rf3 104.Kd7 Rf4 105.Rc7 Rd4+ 
106.Kc8 Rf4 107.Bd5 Rf1 108.Kd8 Rf2 109.Re7 Rf5 110.Be4 Rf6 111.Rd7 Rf4 
112.Bd5 Rf1 113.Bb3 1/2-1/2

[Event "Deltalift Open 2014"]
[Site "Tylosand"]
[Date "2014.05.31"]
[Round "8.6"]
[White "Kantans, Toms"]
[Black "Mohammadi, Amir"]
[Result "1-0"]
[WhiteElo "2440"]
[BlackElo "2220"]

1.e4 c5 2.Nf3 e6 3.g3 d6 4.d4 cxd4 5.Nxd4 Nf6 6.Bg2 Be7 7.O-O O-O 8.c4 Nc6
9.Nc3 Bd7 10.b3 a6 11.Bb2 Rc8 12.h3 Qa5 13.Nc2 b5 14.Ne3 Qb6 15.Qe2 Na5 
16.cxb5 axb5 17.b4 Nc4 18.Nxc4 Rxc4 19.a3 Bc6 20.Rac1 Qb7 21.Rfe1 Nd7 22.
Nd5 Bd8 23.Rxc4 bxc4 24.Ne3 Bxe4 25.Qg4 Bf6 26.Bxe4 d5 27.Nxc4 Bxb2 28.
Nxb2 Nf6 29.Bxd5 Qxd5 30.Qe2 Rc8 31.Qa6 Ra8 32.Rc1 h5 33.Rc8+ Rxc8 34.
Qxc8+ Kh7 35.Qc4 Qe5 36.Qd3+ g6 37.Nc4 Qe1+ 38.Kg2 Nd5 39.Ne3 Nc3 40.Nc2 
Qe5 41.Ne3 Qc7 42.Kg1 Kg8 43.b5 Na4 44.Qc4 Qa5 45.Nc2 Nb6 46.Qb4 Qa8 47.
Ne3 Kh7 48.Qc5 Qa5 49.Qf8 Qa7 50.Qd8 Qa5 51.a4 Qe1+ 52.Kg2 Nxa4 53.Qf8 f5 
54.Qf7+ Kh6 55.Qxe6 Qb1 56.Nd5 Qb3 57.Qe5 1-0

[Event "Deltalift Open 2014"]
[Site "Tylosand"]
[Date "2014.05.31"]
[Round "8.7"]
[White "Akesson, Joel"]
[Black "Holst, Conny"]
[Result "1/2-1/2"]
[WhiteElo "2287"]
[BlackElo "2177"]

1.Nf3 d6 2.c4 Nf6 3.g3 g6 4.b4 Bg7 5.Bb2 c6 6.Bg2 a5 7.b5 cxb5 8.cxb5 Qb6 
9.Bd4 Qxb5 10.Nc3 Qd7 11.Nd5 Nxd5 12.Bxg7 Rg8 13.Bb2 Nc6 14.O-O Nf6 15.Rc1
Kf8 16.Nd4 Nxd4 17.Bxd4 Qe6 18.a3 Kg7 19.Rc7 Re8 20.Qa1 Kg8 21.Bxf6 exf6 
22.e3 Re7 23.Qc3 Rxc7 24.Qxc7 Qd7 25.Rc1 Qxc7 26.Rxc7 Be6 27.Rxb7 Rc8 28.
f4 Rc2 29.Ra7 Rxd2 30.Rxa5 d5 31.Ra4 h5 32.Rd4 Ra2 33.a4 Kf8 1/2-1/2

[Event "Deltalift Open 2014"]
[Site "Tylosand"]
[Date "2014.05.31"]
[Round "8.8"]
[White "Nilsson, Anders"]
[Black "Rydstrom, Tom"]
[Result "1/2-1/2"]
[WhiteElo "2214"]
[BlackElo "2190"]

1.d4 Nf6 2.c4 c6 3.Nc3 d5 4.cxd5 cxd5 5.Bg5 Nc6 6.Bxf6 gxf6 7.e3 e6 8.Bd3 
Qb6 9.a3 Bd7 10.b4 Qd8 11.Nge2 Rc8 12.O-O f5 13.f4 Bd6 14.Na4 b6 15.Ba6 
Rb8 16.Bb5 Ne7 17.Bd3 Nc8 18.Nec3 Be7 19.Nb5 Nd6 20.Nxd6+ Bxd6 21.Nb2 Qe7 
22.Qb3 O-O 23.Rfc1 Rfc8 24.Rxc8+ Rxc8 25.b5 Be8 26.Nd1 Qc7 27.Rb1 f6 28.a4
Bh5 29.Qb2 Kf7 30.Qf2 Qe7 31.Qh4 Bg6 32.Qh6 Qf8 33.Qh4 Qe7 34.Qh6 Qf8 35.
Qh3 Qe7 36.Qf3 Ba3 37.Qe2 Bb4 38.Qb2 Ba3 39.Qe2 Bb4 40.Qa2 Bh5 41.Qf2 
1/2-1/2

[Event "Deltalift Open 2014"]
[Site "Tylosand"]
[Date "2014.05.31"]
[Round "8.9"]
[White "Rosberg, Simon"]
[Black "Reimanis, Ritvars"]
[Result "1-0"]
[WhiteElo "2255"]
[BlackElo "2206"]

1.Nf3 Nf6 2.c4 g6 3.d4 d5 4.cxd5 Nxd5 5.e4 Nb6 6.Be2 Bg7 7.h3 O-O 8.O-O 
Nc6 9.d5 Nb8 10.Qb3 c6 11.Rd1 cxd5 12.exd5 N8d7 13.Be3 Nf6 14.Nc3 Ne8 15.
a4 Nd6 16.a5 Nd7 17.Nd4 a6 18.Qb4 Nf6 19.Nb3 Bf5 20.Rac1 Bd7 21.Bb6 Qb8 
22.Bf3 Rc8 23.Nc5 Be8 24.Re1 Bf8 25.h4 Nd7 26.N3a4 Nf6 27.Nc3 Nd7 28.N3a4 
Nf6 29.g3 Bd7 30.Rcd1 Re8 31.Bg2 Bf5 32.Qb3 Bg7 33.Rd2 Bf8 34.Rd4 Bh6 35.
Re2 Bd7 36.Nxd7 Nxd7 37.Bh3 Nxb6 38.Nxb6 Qa7 39.Rd3 Rad8 40.Bd7 Rf8 41.
Rxe7 Bg7 42.Qb4 Qb8 43.Bh3 Kh8 44.Rde3 Rfe8 45.Rxe8+ Nxe8 46.Re7 Kg8 47.
Nd7 Qa7 48.Qf4 f5 49.Bxf5 Qd4 50.Be6+ Kh8 51.b3 Qb2 52.Rf7 Qa3 53.b4 Qa1+ 
54.Kg2 h5 55.Nf8 Qb1 56.Qh6+ 1-0

[Event "Deltalift Open 2014"]
[Site "Tylosand"]
[Date "2014.05.31"]
[Round "8.10"]
[White "Christiansen, Johan-Sebastian"]
[Black "Wallin, Dennis"]
[Result "1/2-1/2"]
[WhiteElo "2236"]
[BlackElo "2122"]

1.c4 e6 2.d4 Bb4+ 3.Nc3 c5 4.dxc5 Nf6 5.Qc2 Bxc5 6.Nf3 Nc6 7.e3 O-O 8.a3 
d5 9.b4 Be7 10.Bb2 Qc7 11.Ng5 g6 12.h4 dxc4 13.h5 Ne5 14.hxg6 Nxg6 15.Qe2 
Rd8 16.Rb1 a5 17.b5 Qc5 18.Nf3 e5 19.Qxc4 Bf5 20.Qxc5 Bxc5 21.Rc1 Rac8 22.
Be2 e4 23.Nh4 Nxh4 24.Rxh4 Be7 25.Rd1 Rxd1+ 26.Nxd1 Bg6 27.Rh3 Rc2 28.f3 
Nd7 29.f4 f5 30.g4 Kf7 31.gxf5 Bxf5 32.Rh2 Kf8 1/2-1/2

[Event "Deltalift Open 2014"]
[Site "Tylosand"]
[Date "2014.05.31"]
[Round "8.11"]
[White "Welin, Mats"]
[Black "Arnelind, Mikael"]
[Result "1-0"]
[WhiteElo "2304"]
[BlackElo "2160"]

1.c4 Nf6 2.g3 c5 3.Bg2 g6 4.Nc3 Bg7 5.Nf3 Nc6 6.d4 cxd4 7.Nxd4 Nxd4 8.Qxd4
d6 9.O-O O-O 10.Qd3 Bf5 11.e4 Be6 12.Bd2 Qc8 13.b3 Bh3 14.Rac1 Bxg2 15.
Kxg2 Rd8 16.f3 b6 17.Rfd1 Qb7 18.Bg5 Re8 19.Rc2 h6 20.Be3 Rac8 21.Rdc1 Qa6
22.Qd2 Kh7 23.Nb5 Qb7 24.a4 Red8 25.Rb1 Rd7 26.Qe2 Ne8 27.h4 h5 28.Rd1 Nc7
29.Nd4 Rf8 30.Rcd2 Na6 31.Qd3 Nc5 32.Qc2 a5 33.Ne2 Rdd8 34.Nf4 Kg8 35.Rd5 
Be5 36.Nh3 e6 37.R5d2 f5 38.Ng5 Qe7 39.exf5 gxf5 40.Re2 Rde8 41.f4 Qb7+ 
42.Kh2 Bf6 43.Bxc5 dxc5 44.Nxe6 Qf3 45.Rde1 Rf7 46.Qxf5 Bc3 47.Qg6+ Bg7 
48.Qxf7+ 1-0

[Event "Deltalift Open 2014"]
[Site "Tylosand"]
[Date "2014.05.31"]
[Round "8.12"]
[White "Ziegler, Ari"]
[Black "Wengholm, Anders"]
[Result "1-0"]
[WhiteElo "2330"]
[BlackElo "2177"]

1.d4 Nf6 2.c4 g6 3.Nc3 Bg7 4.e4 d6 5.Nf3 O-O 6.Be2 c5 7.d5 e6 8.Nd2 Na6 9.
O-O Nc7 10.f4 Rb8 11.a4 Re8 12.e5 dxe5 13.fxe5 Nd7 14.d6 Na6 15.Nde4 Bxe5 
16.Qd3 f5 17.Bg5 Qb6 18.Be7 Bg7 19.Qh3 h6 20.Nb5 fxe4 21.a5 1-0

[Event "Deltalift Open 2014"]
[Site "Tylosand"]
[Date "2014.05.31"]
[Round "8.13"]
[White "Nilsson, Patrik  Helsinborgs ASK"]
[Black "Kristensen, Kaare Hove"]
[Result "1-0"]
[WhiteElo "2104"]
[BlackElo "2350"]

1.e4 c5 2.c3 g6 3.d4 cxd4 4.cxd4 d5 5.exd5 Nf6 6.Bb5+ Nbd7 7.Nc3 Bg7 8.d6 
exd6 9.Qe2+ Qe7 10.Qxe7+ Kxe7 11.Nf3 a6 12.Bd3 Nb6 13.O-O h6 14.Re1+ Be6 
15.b3 Kd7 16.Bb2 Nbd5 17.Nxd5 Nxd5 18.Rac1 Rac8 19.Bc4 b5 20.Bf1 Rxc1 21.
Rxc1 Rc8 22.Rxc8 Kxc8 23.Ne1 Nb4 24.d5 Bxb2 25.dxe6 fxe6 26.Nd3 Ba3 27.
Nxb4 Bxb4 28.a4 Kc7 29.axb5 a5 30.Bd3 g5 31.Kf1 Kb6 32.Ke2 Kc5 33.Kf3 Kd4 
34.b6 d5 35.Bg6 Kc3 36.Bf7 Kxb3 37.Bxe6 Kc4 38.Bd7 Kc3 39.g3 h5 40.h4 g4+ 
41.Ke2 d4 42.Be8 d3+ 43.Kd1 Kd4 44.Bxh5 a4 45.Bf7 a3 46.b7 Bd6 47.h5 Ke5 
48.Kd2 Kf6 49.Ba2 Kg5 50.Kxd3 Kxh5 51.Ke4 Kg5 52.Kd5 Bb8 53.Ke6 Kg6 54.
Bb1+ Kg5 55.Kd7 Ba7 56.Kc8 Kf6 57.b8=Q Bxb8 58.Kxb8 Ke5 59.Kc7 Kd5 60.Kd7 
Ke5 61.Ke7 Kd4 62.Kf6 Kc3 63.Ba2 1-0

[Event "Deltalift Open 2014"]
[Site "Tylosand"]
[Date "2014.05.31"]
[Round "8.14"]
[White "Kumar, Rahul"]
[Black "Silseth, Simon"]
[Result "1/2-1/2"]
[WhiteElo "2169"]
[BlackElo "2317"]

1.Nf3 d5 2.d4 Nf6 3.g3 c6 4.Bg2 Bf5 5.Nbd2 e6 6.O-O Nbd7 7.c4 Bd6 8.b3 O-O
9.Bb2 h6 10.Re1 Ne4 11.Nxe4 Bxe4 12.Nd2 Bxg2 13.Kxg2 f5 14.e3 a5 15.a3 g5 
16.f4 Nf6 17.Qe2 Rf7 18.Rg1 Rg7 19.Kh1 Kh7 20.c5 Bc7 21.b4 Qd7 22.Bc3 gxf4
23.exf4 Ne4 24.Nxe4 fxe4 1/2-1/2

[Event "Deltalift Open 2014"]
[Site "Tylosand"]
[Date "2014.05.31"]
[Round "8.15"]
[White "Reid, Gregor"]
[Black "Haugli, Petter"]
[Result "1/2-1/2"]
[WhiteElo "2135"]
[BlackElo "2292"]

1.Nf3 Nf6 2.g3 d5 3.Bg2 c6 4.O-O Bf5 5.d4 h6 6.c4 e6 7.Nc3 Nbd7 8.Qb3 Qb6 
9.c5 Qxb3 10.axb3 a6 11.b4 O-O-O 12.h4 Be7 13.Bf4 Nh5 14.Be3 Rdg8 15.Nh2 
Nhf6 16.Nf3 Ng4 17.Bd2 g5 18.hxg5 hxg5 19.Rfe1 Rh5 20.e4 dxe4 21.Nxe4 Bxe4
22.Rxe4 Ngf6 23.Ree1 Nd5 24.b5 axb5 25.Ra8+ Nb8 26.Ne5 Nc7 27.Ra3 Rh7 28.
Ba5 Bf6 29.Rf3 Bxe5 30.Rxe5 Nd7 31.Re1 Nd5 32.Ra3 Ne7 33.Bd2 Nb8 34.Ra8 
Nd5 35.Be4 Rhh8 36.Bxd5 cxd5 37.Re5 Kd7 38.Rxg5 Rxg5 39.Bxg5 Rc8 40.Ra5 
Kc6 41.Ra8 Kd7 42.Ra5 Kc6 43.Ra8 Kd7 44.Ra5 1/2-1/2

[Event "Deltalift Open 2014"]
[Site "Tylosand"]
[Date "2014.05.31"]
[Round "8.17"]
[White "Persson, Anders"]
[Black "Andersson, Thorbjorn"]
[Result "1-0"]
[WhiteElo "1961"]
[BlackElo "1961"]

1.d4 Nf6 2.c4 g6 3.Nc3 Bg7 4.Nf3 O-O 5.Bg5 h6 6.Bh4 d6 7.e3 c5 8.Be2 cxd4 
9.exd4 Bf5 10.O-O Nbd7 11.Rc1 Qb6 12.Na4 Qa5 13.a3 g5 14.Bg3 Ne4 15.b4 Qd8
16.d5 a5 17.c5 axb4 18.c6 bxc6 19.dxc6 Ndc5 20.Nxc5 Nxc5 21.axb4 Ne6 22.
Qb3 Qb6 23.Rfd1 Nc7 24.Bd3 Bxd3 25.Rxd3 Rfb8 26.Re3 Bf6 27.Re4 Ra6 28.h4 
Rba8 29.hxg5 hxg5 30.Rg4 Ra1 31.Rxa1 Rxa1+ 32.Kh2 Ne6 33.Bh4 Kf8 34.Nxg5 
Nxg5 35.Bxg5 Bxg5 36.Qc3 Bf6 37.c7 1-0